000 00669nam a2200193 a 4500
001 20994
003 CO-ViMGA
008 141112s2004 ck r 000 u spa d
020 _a9802570419
040 _aCO-ViMGA
_bspa
_cCO-ViMGA
082 0 4 _aGUTn
100 1 _aDouglas, Gutierrez; Oliver, María Fernanda
_930212
245 1 0 _aLa noche de las estrellas
260 _aCaracas :
_bEkare,
_c1987
300 _a19p
590 _aForma de adquisición : Reposición 2006 - - Precio : 15000 - - Fecha de adquisición : Noviembre 2006 - - Observaciones : Reposición de La Fábula de la avispa ahogada
650 1 4 _aCUENTOS INFANTILES VENEZOLANOS
_91702
942 _2ddc
_cBK
999 _c29828
_d29828